Score 0/30 Timer 06:00
9 Plays Today
% Correct
Yes
97.9%
The
96.6%
USA
95.5%
India
94.7%
Sudoku
93.7%
Portuguese
93.1%
Veterinarian
92.8%
Latin
90%
Hebrew
88%
Wasabi
86.8%
Queso
84.3%
Xerox
84.1%
Sign Language
82%
Extravaganza
81.7%
Russian
81%
% Correct
One
80.3%
Hajj
78.7%
Mosquito
78.2%
Dog
77.5%
Cul De Sac
77%
Santa Claus
74.2%
Orclespay
72.5%
Como Esta Usted
72%
Quiz
69.9%
Mandarin Chinese
67.3%
Embezzlement
65.1%
Egypt
65%
Arrivederci
61.9%
Selamat
50.5%
I LOVE LANGUAGE
43%

You're not logged in!

Compare scores with friends on all Sporcle quizzes.
OR
Log In

Sporcle TV

Today on Sporcle TV


Watch our educational content, quiz creation guides, and fun videos on Sporcle TV.

Show Comments

Extras

Top Quizzes Today


Score Distribution

Paid Content

Your Account Isn't Verified!

In order to create a playlist on Sporcle, you need to verify the email address you used during registration. Go to your Sporcle Settings to finish the process.

Report this User

Report this user for behavior that violates our Community Guidelines.

Details: